Procurement Principles and Management. (Record no. 2562)

MARC details
005 - DATE AND TIME OF LATEST TRANSACTION
control field 20250523111250.0
020 ## - INTERNATIONAL STANDARD BOOK NUMBER
International Standard Book Number 978-1-292-01601-6
082 ## - DEWEY DECIMAL CLASSIFICATION NUMBER
Classification number 658.72 BAI
100 ## - MAIN ENTRY--PERSONAL NAME
Author name BAILY, P.
245 ## - TITLE STATEMENT
Title Procurement Principles and Management.
250 ## - EDITION STATEMENT
Edition statement 12th Ed
260 ## - PUBLICATION, DISTRIBUTION, ETC.
Place of publication, distribution, etc. London,
Name of publisher, distributor, etc. Pearson,
Date of publication, distribution, etc. 2015.
300 ## - PHYSICAL DESCRIPTION
Extent xvi,594p.: ill.; figure, table
Other physical details Index
Dimensions 25cm.
700 ## - ADDED ENTRY--PERSONAL NAME
Other authors/Editors FARMER, D. [et all...]
856 ## - ELECTRONIC LOCATION AND ACCESS
Link text Access Online Book
Electronic name Procurement
Path www.pearson-books.com
942 ## - ADDED ENTRY ELEMENTS (KOHA)
Source of classification or shelving scheme Dewey Decimal Classification
Koha item type Books
Holdings
Date last seen Total checkouts Full call number Barcode Cost, replacement price Price effective from Koha item type Lost status Source of classification or shelving scheme Damaged status Not for loan Withdrawn status Home library Current library Shelving location Date acquired Cost, normal purchase price
05/23/2025   658.72 BAI 0000009670 451575.00 05/23/2025 Books   Dewey Decimal Classification       College of Business Education Main Library College of Business Education Main Library General Collection 06/19/2017 150525.00
05/23/2025   658.72 BAI 0000009671 451575.00 05/23/2025 Books   Dewey Decimal Classification       College of Business Education Main Library College of Business Education Main Library General Collection 06/19/2017 150525.00
06/02/2025   658.72 BAI 00000010664 451575.00 06/02/2025 Books   Dewey Decimal Classification       College of Business Education Main Library College of Business Education Main Library General Collection 06/19/2017 150525.00